La suspencion de los derechos fundamentales en los Estados de excepcion segun el Derecho Internacional de los Derechos Humanos./ (Registro nro. 7980)
[ vista simple ]
| 000 -LEADER | |
|---|---|
| fixed length control field | 01499nam a2200181Ia 4500 |
| 005 - FECHA Y HORA DE LA ÚLTIMA TRANSACCIÓN | |
| control field | 20241024105026.0 |
| 008 - FIXED-LENGTH DATA ELEMENTS--GENERAL INFORMATION | |
| fixed length control field | 230427s9999 xx 000 0 und d |
| 040 ## - CATALOGING SOURCE | |
| Original cataloging agency | UPAN |
| Transcribing agency | Biblioteca San Vicente |
| Description conventions | RCAA2 |
| 041 ## - LANGUAGE CODE | |
| Language code of text/sound track or separate title | spa |
| 082 ## - DEWEY DECIMAL CLASSIFICATION NUMBER | |
| Classification number | 341.481 |
| Item number | M454s |
| año de publicación | 1999 |
| 100 ## - MAIN ENTRY--PERSONAL NAME | |
| Personal name | Melendez, Florentin |
| Relator code | aut. |
| 245 #0 - TITLE STATEMENT | |
| Title | La suspencion de los derechos fundamentales en los Estados de excepcion segun el Derecho Internacional de los Derechos Humanos./ |
| Remainder of title | Florentìn Melendez |
| 260 ## - PUBLICATION, DISTRIBUTION, ETC. (IMPRINT) | |
| Place of publication, distribution, etc | El Salvador: |
| Name of publisher, distributor, etc | Criterio, |
| Date of publication, distribution, etc | 1999 |
| 300 ## - PHYSICAL DESCRIPTION | |
| Extent | 417 p.: |
| Dimensions | 24 cm. |
| 505 ## - FORMATTED CONTENTS NOTE | |
| Formatted contents note | Introducciòn<br/>Capitulo I. Las facultades de suspensiòn o derogaciòn de los Derechos Fundamentales<br/>Capitulo II. Los Estados de excepcion<br/>Capitulo III. La protecciòn internacional de los Derechos Fundamentales en los Estados de excepcion<br/>Capitulo IV. Las facultades de suspension de los Derechos Fundamentales en los Sistemas de Protecciòn Internacional de los Derechos Humanos<br/>Capitulo V. Las facultades de suspension de los Derechos Fundamentales en los Sistemas de Protecciòn Internacional de los Derechos Humanos<br/>Capitulo VI. Las facultades de suspension de los Derechos Fundamentales en los Sistemas de Protecciòn Internacional de los Derechos Humanos<br/>Capitulo VII. La proteccion de los Derechos Fundamentales segun el Derecho Internacional Humanitario <br/>Capitulo VIII. Anàlsis comparativo de la protecciòn Internacional de los Derechos Fundamentales en los Estados de excepciòn |
| 650 ## - SUBJECT ADDED ENTRY--TOPICAL TERM | |
| Source of heading or term | LEMB |
| Topical term or geographic name as entry element | Derecho |
| 942 ## - ADDED ENTRY ELEMENTS (KOHA) | |
| Koha item type | Libros |
| Source of classification or shelving scheme | Dewey Decimal Classification |
| Withdrawn status | Lost status | Source of classification or shelving scheme | Damaged status | Not for loan | Collection code | Home library | Current library | Date acquired | Total Checkouts | Full call number | Barcode | Date last seen | Price effective from | Koha item type |
|---|---|---|---|---|---|---|---|---|---|---|---|---|---|---|
| Dewey Decimal Classification | Colección General | Biblioteca UPAN San Vicente | Biblioteca UPAN San Vicente | 27/04/2023 | 341.481 M454s | 12000587 | 27/04/2023 | 27/04/2023 | Libros | |||||
| Dewey Decimal Classification | Colección General | Biblioteca UPAN San Vicente | Biblioteca UPAN San Vicente | 27/04/2023 | 341.481 M454s | 12000588 | 28/04/2023 | 27/04/2023 | Libros |